| 000 | 00602nam a22002057a 4500 | ||
|---|---|---|---|
| 999 |
_c17321 _d17321 |
||
| 003 | AR-CdUCM | ||
| 008 | 190508b ||||| |||| 00| 0 spa d | ||
| 040 |
_aMUNICIPALIDAD PROVINCIAL DEL CUSCO _cBIBLIOTECA MUNICIPAL DEL CUSCO |
||
| 082 |
_a813 / _bL54 |
||
| 100 |
_aLewis, Sinclair _91639 |
||
| 245 | _aRabbitt / | ||
| 260 |
_aChile : _bErcilla, _c1936. |
||
| 300 |
_a207 páginas ; _c19 cm. |
||
| 440 |
_aBiblioteca económica de las grandes obras _937270 |
||
| 505 | _aContenido : Novela | ||
| 650 |
_aNovela _95 |
||
| 650 |
_aLiteratura _983 |
||
| 942 |
_2ddc _cLIBROS |
||
| 945 |
_arah _d08/05/2019 |
||